Normal view
MARC view
- ME-MECH-18
Entry Topical Term
001 - CONTROL NUMBER
- control field: 99736
003 - CONTROL NUMBER IDENTIFIER
- control field: NUST
005 - DATE AND TIME OF LATEST TRANSACTION
- control field: 20221010160526.0
008 - FIXED-LENGTH DATA ELEMENTS
- fixed length control field: 221010|| aca||aabn | a|a d
040 ## - CATALOGING SOURCE
- Original cataloging agency: NUST
- Transcribing agency: NUST
150 ## - HEADING--TOPICAL TERM
- Topical term or geographic name entry element: ME-MECH-18
670 ## - SOURCE DATA FOUND
- Source citation: Work cat.: (NUST): Muhammad Shahzad 28519, TH-SOF-2088-Experimental Study on the Performance of Split Air Conditioner With and Without Cooling Pads at ODU, 2022.
